| Mythology - Greco/Roman | 0 | 3 | 0 | 1 | 30 | 102 | 120.33 | 0 | 1 |
| Art - Visual | 0 | 2 | 0 | 0 | 20 | 112 | 122.50 | 0 | 0 |
| Literature - British drama | 0 | 2 | 0 | 0 | 20 | 113 | 118.50 | 0 | 0 |
| Religion - Hinduism | 0 | 2 | 0 | 0 | 20 | 87 | 92.50 | 0 | 0 |
| Art - Painting/Sculpture | 0 | 2 | 1 | 2 | 15 | 138 | 146.50 | 0 | 0 |
| Literature - European long fiction | 0 | 1 | 0 | 0 | 10 | 123 | 123.00 | 0 | 0 |
| Literature - World/Misc long fiction | 0 | 1 | 0 | 0 | 10 | 86 | 86.00 | 0 | 0 |
| Literature - World/Misc poetry | 0 | 1 | 0 | 0 | 10 | 75 | 75.00 | 1 | 1 |
| Mythology - Americas | 0 | 1 | 0 | 0 | 10 | 90 | 90.00 | 0 | 1 |
| Social Science - Mixed/Any | 0 | 1 | 0 | 1 | 10 | 129 | 129.00 | 0 | 0 |
| Literature - American any | 0 | 1 | 0 | 0 | 10 | 138 | 138.00 | 0 | 0 |
| Literature - American long fiction | 0 | 1 | 0 | 0 | 10 | 115 | 115.00 | 0 | 0 |
| Literature - American poetry | 0 | 1 | 0 | 1 | 10 | 138 | 138.00 | 0 | 0 |
| Literature - British long fiction | 0 | 1 | 0 | 0 | 10 | 112 | 112.00 | 0 | 1 |
| Philosophy - Enlightenment | 0 | 1 | 0 | 0 | 10 | 141 | 141.00 | 0 | 0 |
| Philosophy - Medieval | 0 | 1 | 0 | 0 | 10 | 119 | 119.00 | 0 | 0 |
| Philosophy - Mixed/Any | 0 | 1 | 0 | 0 | 10 | 115 | 115.00 | 0 | 0 |
| Religion - Mixed/Any | 0 | 1 | 0 | 1 | 10 | 132 | 132.00 | 0 | 1 |
| Science - Chemistry | 0 | 1 | 0 | 1 | 10 | 143 | 143.00 | 0 | 0 |
| Social Science - Linguistics | 0 | 1 | 0 | 0 | 10 | 125 | 125.00 | 0 | 0 |
| Mythology - Egyptian | 0 | 1 | 0 | 0 | 10 | 111 | 111.00 | 0 | 1 |
| Philosophy - Ancient | 0 | 1 | 0 | 0 | 10 | 147 | 147.00 | 0 | 0 |
| Mythology - Mixed/Any | 0 | 1 | 1 | 0 | 5 | 98 | 98.00 | 0 | 0 |
| Literature - British poetry | 0 | 1 | 1 | 0 | 5 | 122 | 122.00 | 0 | 0 |
| Science - Biology | 0 | 0 | 0 | 0 | 0 | | 0.00 | 0 | 0 |
| Mythology - East Asia | 0 | 0 | 1 | 0 | -5 | | 0.00 | 0 | 0 |
| History - American | 0 | 0 | 1 | 0 | -5 | | 0.00 | 0 | 0 |
| Literature - World/Misc short fiction | 0 | 0 | 1 | 0 | -5 | | 0.00 | 0 | 0 |